000 00547nam a2200181Ia 4500
008 090123s9999 xx 000 0 und d
082 _b13549
_a891.463/मंगेश
100 _aमंगेशकर गीता
245 _aपतिव्रता
250 _a1
260 _bप्रिया प्रकाशन
300 _a220
600 _aमंगेशकर गीता
630 _aपतिव्रता
700 _aमंगेशकर गीता
730 _aपतिव्रता
942 _cBOOK
999 _c51612
_d51612